| 000 | 00760aasaa2200205 a 4500 | ||
|---|---|---|---|
| 005 | 20170202155439.0 | ||
| 008 | 170202s1993 ck uu|p|r|||| 00| spa d | ||
| 040 |
_aCO-BoIAVH _cCO-BoIAVH |
||
| 041 | 0 | _aspa | |
| 044 | _ack | ||
| 090 | _aSE | ||
| 245 | 1 | 0 |
_aAlta Amazonia : _bciencia, tecnología y cultura |
| 260 |
_aMocoa (Putumayo, Colombia) : _bCorporación Autónoma Regional del Putumayo, _c1993-. |
||
| 300 |
_bilustraciones ; _c27 x 21 cm. |
||
| 310 | _af | ||
| 650 | 2 | 6 |
_aConservación de la naturaleza _zCuenca alta (Río Amazonas) _vPublicaciones periódicas |
| 650 | 2 | 4 |
_aEcosistemas _zCuenca alta (Río Amazonas) _vPublicaciones periódicas |
| 710 | 2 | _aCorporación Autónoma Regional del Putumayo | |
| 942 |
_cREVISTA _2z _s1 |
||
| 999 |
_c17366 _d17366 |
||